Catálogo

ASI SE ESCRIBE UNA CAMPAÑA DE PUBLICIDAD EFECTIVA (Registro nro. 17771)

Detalles MARC
000 -LEADER
fixed length control field 00475nam a2200181 a 4500
001 - CONTROL NUMBER
control field 17771
005 - DATE AND TIME OF LATEST TRANSACTION
control field 20180713210942.0
008 - FIXED-LENGTH DATA ELEMENTS--GENERAL INFORMATION
fixed length control field 140415s1992 mx 000 0 spa d
020 ## - INTERNATIONAL STANDARD BOOK NUMBER
International Standard Book Number 9681322290
041 ## - LANGUAGE CODE
Language code of text/sound track or separate title spa
082 ## - DEWEY DECIMAL CLASSIFICATION NUMBER
Classification number 659.132
Item number CAM
100 1# - MAIN ENTRY--PERSONAL NAME
Personal name CAMACHO MORELOS, JESUS
245 10 - TITLE STATEMENT
Title ASI SE ESCRIBE UNA CAMPAÑA DE PUBLICIDAD EFECTIVA
250 ## - EDITION STATEMENT
Edition statement 1a ed.
260 ## - PUBLICATION, DISTRIBUTION, ETC.
Place of publication, distribution, etc. MEXICO :
Name of publisher, distributor, etc. DIANA,
Date of publication, distribution, etc. 1992
300 ## - PHYSICAL DESCRIPTION
Extent 98
650 14 - SUBJECT ADDED ENTRY--TOPICAL TERM
Topical term or geographic name entry element PUBLICIDAD
General subdivision IMPRESA
Existencias
Withdrawn status Lost status Source of classification or shelving scheme Damaged status Not for loan Collection code Home library Current library Shelving location Date acquired Source of acquisition Inventory number Total Checkouts Full call number Barcode Date last seen Date last checked out Price effective from Koha item type
    Dewey Decimal Classification     General Biblioteca Karol Wojtyla Biblioteca Karol Wojtyla Sala general 03/12/2013 Compra 151000000000000000030388 1 659.132 CAM 36051 05/01/2026 28/01/2019 03/12/2013 Libro